Naruto Characters Quiz - Statistics

General Stats
  • This quiz has been taken 67 times
    62 since last reset
  • The average score is 7 of 8
Answer Stats
Picture Answer % Correct
Kakashi Hatake
98%
Naruto Uzumaki
98%
Sakura Haruno/Uchiha
98%
Sasuke Uchiha
98%
Pain/Nagato Uzumaki
95%
Orochimaru
93%
Shisui Uchiha
88%
Hagoromo Otsutsuki
78%
No matching quizzes found
Score Distribution
Percent of People with Each Score
Percentile by Number Answered
Your Score History
You have not taken this quiz since the last reset